Europäische Geschichte nach Buchstaben - C - Statistiken

Allgemein
  • Dieses Quiz wurde 62 mal gespielt
  • Das Durchschnittsergebnis liegt bei 9 aus 20
Antwortstatistiken
Hinweis Antwort % Korrekt
Römischer Diktator, der Gallien eroberte und an den Iden den März ermordet wurde Gaius Iulius Caesar
91%
Dieser konservative Politiker war Premierminister der Vereinigten Königreiches während des Zweiten Weltkrieges Winston Churchill
91%
Wissenschaftlerin, die auf Grund ihrer Forschungen zur Radioaktivität den Nobelpreis in Physik und Chemie erhielt Marie Curie
83%
Diese französische Region war im 13. Jhd durch die Großen Messen Zentrum des Europäischen Handels und seit dem 19. Jhd Zentrum der Schaumweinproduktion Champagne
74%
Kaiser Heinrich IV musste in dieser italienischen Festung vor dem Papst büßen, um seine Exkommunikation aufzuheben Canossa
66%
Englischer König, dessen absolutistischer Regierungsstil zu seiner Absetzung und Hinrichtung führten Charles I
57%
Westdeutscher Germanenstamm, dessen Fürst Arminius Sieger der Varusschlacht war Cherusker
53%
Diese andalusische Stadt war im Mittelalter Zentrum des maurischen Spaniens und Heimat der Mezquita-Catedral Cordoba
51%
Reformator in Genf und Begründer der Reformierten Kirche Johannes Calvin
47%
Lord Protector im Englischen Bürgerkrieg, der auch für sein sehr brutales Vorgehen in Irland bekannt ist Oliver Cromwell
45%
Dieser römische Kaiser des ersten Jahrhunderts soll ein Pferd zum Konsul ernannt haben Caligula
43%
Politiker der späten Römischen Republik, berühmter Redner und Autor, zerschlug die Catilinarische Verschwörung Marcus Tullius Cicero
42%
In diesem Sportstadion fanden im antiken Rom Wagenrennen statt Circus Maximus
38%
Merowingischer Frankenkönig, der die Alamannen besiegte und als erster Frankenkönig zum Christentum übertrat Chlodwig
34%
Konservativer Politiker der Römischen Republik, bekannt für sein Eintreten für die Vernichtung Karthagos am Ende aller seiner Reden Cato der Ältere
30%
Burgundisches Benediktinerkloster, welches um das Jahr 1000 eines der wichtigsten Orte der Kirchenreform und der Katholischen Kirche überhaupt war Cluny
21%
Dieser Römische Kaiser der Severer-Dynastie ließ eine große Therme in Rom erbauen und gestatte allen freien Menschen des Reiches das Bürgerrecht Caracalla
19%
Nomadisches Turkvolk im Frühmittelalter, welches nördlich des Kaukasus in Russland und der Ukraine lebte und dessen Anführer zum Judentum übertraten Chasaren
9%
Ungarischer König des 15. Jahrhunderts, welcher in Budapest eine riesige Bibliothek errichten ließ (latinisierter Namen) Matthias Corvinus
9%
Reformistische Arbeiterbewegung des 19. Jhd in Großbritannien, die sich für bessere Arbeitsbedingungen, sowie das Recht auf Gewerkschaften und Wahl des Parlaments organisierte Chartisten
4%
Keine übereinstimmenden Quizze gefunden
Verteilung der Resultate
Anzahl Personen mit jedem Resultat
Perzentil nach korrekt beantworteten Fragen
Ihre Resultats-Entwicklung
Sie haben dieses Quiz noch nicht gespielt